| 000 | 00608nam a2200217Ia 4500 | ||
|---|---|---|---|
| 003 | GCL | ||
| 008 | 140319s9999 xx 000 0 ara d | ||
| 040 |
_aGCL / _cGCL |
||
| 082 | 0 | 4 |
_a738.8 _bع م |
| 100 | 1 | _aعصمت احمد عوض | |
| 245 | 1 | 0 |
_aالمباخر / _cعصمت احمد عوض |
| 260 |
_a[S.N] : _bمكتبة مدبولى ، _c1991 |
||
| 300 | _a141 ص | ||
| 490 | _a | ||
| 650 | 0 | 4 | _aالعادات والتقاليد |
| 650 | 0 | 4 | _aالفولكلور |
| 650 | 0 | 4 | _aالفن الزخرفى |
| 650 | 0 | 4 | _aالفنون التشكيلية |
| 650 | 0 | 4 | _aالبخور |
| 942 |
_2ddc _cBK |
||
| 999 |
_c35958 _d35958 |
||